Teil II: Regierungsbezirk Marienwerder, 1. Halbband: Briesen - Graudenz

Titel: Teil II: Regierungsbezirk Marienwerder, 1. Halbband: Briesen - Graudenz / von Hans-Christoph Surkau
Verfasser:
Veröffentlicht: Hamburg : Selbstverlag, 2016
Umfang: VIII,Seiten 549 - 895
Format: Buch
Sprache: Deutsch
Schriftenreihe/
mehrbändiges Werk:
Die Absolventen der höheren Schulen Ost- und Westpreußens 1825 - 1915 ; Teil II, 1. Halbband
alle Bände anzeigen
Quellen, Materialien und Sammlungen zur altpreußischen Familienforschung ; Nr. 23/3
Schlagworte:
ISBN: 9783931577827
Buchumschlag
X
alg: 45330276
001A    $03004:17-09-19 
001B    $01999:12-10-21 $t22:39:30.000 
001D    $03004:17-09-19 
001U    $0utf8 
001X    $00 
002@    $0AFu 
002C    $aText $btxt $2rdacontent 
002D    $aohne Hilfsmittel zu benutzen $bn $2rdamedia 
002E    $aBand $bnc $2rdacarrier 
003@    $0453302769 
003O    $01119720148 $aOCoLC 
004A    $A978-3-931577-82-7 
007A    $0453302769 $aHEB 
007G    $0DE020690B7F5BE5334DC0C12584E9002C5562 
009P    $qapplication/pdf $A2 $3Inhaltsverzeichnis $uhttp://scans.hebis.de/HEBCGI/show.pl?45330276_toc.pdf $mV:DE-603;B:DE-Mb50 
010@    $ager 
010E    $erda 
011@    $a2016 
013D    $RFührer $#Directories $#Répertoires $#Repertorium Verzeichnis $74188171-0 $8Verzeichnis [Ts1] $9085925047 
021A    $aTeil II: Regierungsbezirk Marienwerder, 1. Halbband: Briesen - Graudenz $hvon Hans-Christoph Surkau 
028A    $BVerfasser $4aut $8Surkau, Hans-Christoph [Tp3] $9458298948 
033A    $pHamburg $nSelbstverlag 
034D    $aVIII,Seiten 549 - 895 
036C    $aDie @Absolventen der höheren Schulen Ost- und Westpreußens 1825 - 1915 $x12211 $lTeil II, 1. Halbband 
036D    $x12211 $8Die @Absolventen der höheren Schulen Ost- und Westpreußens 1825 - 1915 $9386969841 
036E    $aQuellen, Materialien und Sammlungen zur altpreußischen Familienforschung $lNr. 23/3 
044K    $#Ostpreußen $#Ostpreußen $#Provinz Ostpreußen $74075754-7 $8Ostpreußen [Tg1] $9085214493 
044K    $#Westpreußen $#Königlich-Preußen $#Polnisch-Preußen $#Königliches Preußen $74079244-4 $8Westpreußen [Tg1] $908522510X 
044K    $RBildungseinrichtung $#Schools $#Écoles $#Schulwesen $#Schulform $#Schulart $#Schulsystem $#Schulen $74053474-1 $8Schule [Ts1] $9085148385 
044K    $RSchüler $#High school graduates $#Diplômés de l'enseignement secondaire $#Diplomati $#Schulabgänger $#Schulabsolvent $#Absolvent Schule $74125976-2 $8Schulabgänger [Ts1] $9085426849 
045F    $a370.94383209034 $eDDC23BSB 
045F/01 $a370.9 
045F/03 $f09034 
045F/03 $f09041 
045F/03 $g43832 
045F/03 $g4382 
045R    $aSozialgeschichte 1825-1915 

lok: 45330276 11

exp: 45330276 11 1 #EPN
201B/01 $028-10-19 $t15:31:14.000 
201C/01 $014-10-19 
201U/01 $0utf8 
203@/01 $01063984351 
208@/01 $a28-10-19 $bz 
209A/01 $a60 19 A 2593 $du $f100 $x00 
209B/01 $a020/1910 $x05 
209G/01 $a84098833 $x00 
247C/01 $8620100-3 <43>Wiesbaden, Hochschul- und Landesbibliothek RheinMain, Rheinstraße $9102599572 

lok: 45330276 24

exp: 45330276 24 1 #EPN
201B/01 $006-01-20 $t07:14:27.000 
201C/01 $017-09-19 
201U/01 $0utf8 
203@/01 $01060116588 
208@/01 $a06-01-20 $bz 
209A/01 $a19.04662 $du $f050 $h19 04662 $x00 
209C/01 $a19.04662 G $h19 04662 G 
209G/01 $a74171354 $x00 
220C/01 $ahae 
247C/01 $8358050-7 Marburg, Bibliothek des Herder-Instituts Marburg $9102600961 

lok: 45330276 78

exp: 45330276 78 1 #EPN
201B/01 $030-10-19 $t16:19:25.000 
201C/01 $014-10-19 
201U/01 $0utf8 
203@/01 $01063722586 
208@/01 $a14-10-19 $be 
209A/01 $a/ $f000 $x00 
209A/01 $ab*p $x01 
220C/01 $apgar 
244Z/01 $#Generalgouvernement Polen $#Polska $#Rzeczpospolita Polska $#Polska Rzeczpospolita Ludowa $#Poland $#Pologne $#République Polonaise $#Generalne Gubernatorstwo w Polsce $#Polish People's Republic $#Polska Rzeczpospolita Polen $#PRL $#RP $#Polen Generalgouvernement $#Polska Generalgouvernement $#Besetzte Polnische Gebiete $#Besetztes Gebiet in Polen $#Okupowane Polskie Obszary $#Obszary Okupowane w Polsce $#Volksrepublik Polen $#Polska Rosyjska $#Republic Polen $#Respublika Pol'ša $#Pol'skaja Narodnaja Respublika $#République de Pologne $#Polen Links der Weichsel $#Polska po Lewej Stronie Wisły $#Lenkija $#Polija $#Gubernija Carstva Pol'skago $#Republik Polen $74046496-9 $8--Tg1--Polen $x01 $9085129801 
244Z/01 $#Preußen $#Preußen $#Brandenburg-Preußen $#Königreich Preußen $#Preußische Staaten $#Preußischer Staat $#Der @Preußische Staat $#Königlich Preußische Staaten $#Prusy Królewskie $#Königlich Preußen $#Prussia $74047194-9 $8--Tg1--Preußen $x02 $9085131652 
244Z/01 $#Kwidzyn rejencja $8--Trx--Marienwerder$gRegierungsbezirk $x03 $9391182986 
247C/01 $82080>Marburg/Lahn, Herder-Institut, Forschungsbibliothek, Bibliographieportal $9336309341
LEADER 00000cam a2200000 cb4500
001 453302769
003 DE-603
005 20211012223930.0
007 tu
008 190917s2016 xx |||| | u00||u|ger c
020 |a 9783931577827 
035 |a (DE-599)HEB453302769 
035 |a (OCoLC)1119720148 
040 |a DE-603  |b ger  |c DE-603  |d DE-603  |e rda 
041 |a ger 
082 0 4 |8 1\u  |a 370.94383209034  |q DE-101  |2 23/BSB 
085 |8 1\u  |b 370.9 
085 |8 1\u  |z 1  |s 09034 
085 |8 1\u  |z 1  |s 09041 
085 |8 1\u  |z 2  |s 43832 
085 |8 1\u  |z 2  |s 4382 
100 1 |a Surkau, Hans-Christoph  |e Verfasser  |4 aut  |0 (DE-603)458298948  |0 (DE-588)1203888309  |2 gnd 
245 0 0 |a Teil II: Regierungsbezirk Marienwerder, 1. Halbband: Briesen - Graudenz  |c von Hans-Christoph Surkau 
264 1 |a Hamburg  |b Selbstverlag  |c 2016 
300 |a VIII,Seiten 549 - 895 
336 |a Text  |b txt  |2 rdacontent 
337 |a ohne Hilfsmittel zu benutzen  |b n  |2 rdamedia 
338 |a Band  |b nc  |2 rdacarrier 
490 0 |a Quellen, Materialien und Sammlungen zur altpreußischen Familienforschung  |v Nr. 23/3 
490 1 |a ˜Dieœ Absolventen der höheren Schulen Ost- und Westpreußens 1825 - 1915  |v Teil II, 1. Halbband 
648 7 |a Sozialgeschichte 1825-1915  |2 gnd 
650 7 |a Schule  |0 (DE-588)4053474-1  |0 (DE-603)085148385  |2 gnd 
650 7 |a Schulabgänger  |0 (DE-588)4125976-2  |0 (DE-603)085426849  |2 gnd 
651 7 |a Ostpreußen  |0 (DE-588)4075754-7  |0 (DE-603)085214493  |2 gnd 
651 7 |a Westpreußen  |0 (DE-588)4079244-4  |0 (DE-603)08522510X  |2 gnd 
655 7 |a Verzeichnis  |2 gnd-content  |0 (DE-588)4188171-0  |0 (DE-603)085925047 
800 1 |a Surkau, Hans-Christoph  |t ˜Dieœ Absolventen der höheren Schulen Ost- und Westpreußens 1825 - 1915  |v Teil II, 1. Halbband  |w (DE-603)386969841  |9 12211  |7 am 
856 4 2 |m V:DE-603;B:DE-Mb50  |q application/pdf  |u http://scans.hebis.de/HEBCGI/show.pl?45330276_toc.pdf  |3 Inhaltsverzeichnis 
924 0 |9 43  |a (DE-603)1063984351  |b DE-43  |c HES  |d c  |g 60 19 A 2593 
924 0 |9 Mb 50  |a (DE-603)1060116588  |b DE-Mb50  |c HES  |d c  |g 19.04662 
924 0 |9 2080  |a (DE-603)1063722586  |b DE-2080  |c HES  |d d  |g /